Library of the University of Algiers 3
Ibrahim Sultan Cheibout
شعار جامعة الجزائر 3
مكتبة جامعة الجزائر 3
إبراهيم سلطان شيبوط

الشركات في ضوء الاسلام / (رقم التسجيلة. 42913)

تفاصيل مارك
000 -LEADER
fixed length control field 01156nam a2200205Ia 4500
003 - CONTROL NUMBER IDENTIFIER
control field Ost
005 - DATE AND TIME OF LATEST TRANSACTION
control field 20260507075111.0
008 - FIXED-LENGTH DATA ELEMENTS--GENERAL INFORMATION
fixed length control field 260507s9999||||xx |||||||||||||| ||und||
040 ## - CATALOGING SOURCE
Transcribing agency fsecg
041 ## - LANGUAGE CODE
Language code of text/sound track or separate title ara
082 ## - DEWEY DECIMAL CLASSIFICATION NUMBER
Classification number 330
100 ## - MAIN ENTRY--PERSONAL NAME
Personal name الخياط، عبد العزيز
Relator term مؤلف
245 #0 - TITLE STATEMENT
Title الشركات في ضوء الاسلام /
Statement of responsibility, etc. عبد العزيز الخياط
260 ## - PUBLICATION, DISTRIBUTION, ETC.
Place of publication, distribution, etc. القاهرة:
Name of publisher, distributor, etc. دار السلام للطباعة والنشر والتوزيع,
Date of publication, distribution, etc. 1989
300 ## - PHYSICAL DESCRIPTION
Extent 84 صفحة؛
Dimensions 24 سم
504 ## - BIBLIOGRAPHY, ETC. NOTE
Bibliography, etc. note ببليوغرافيا:ص.77-82
520 ## - SUMMARY, ETC.
Summary, etc. الشركة،أنواع الشركات في الفقه الإسلامي،تعريف بالشركات الحديثة،،أنواع شركات الأموال،الشركات في القانون الإنجليزي والأردني،الرأي الإسلامي في الشركات الحديثة،الرأي الإسلامي في شرمات المساهمة،الرأي الشرعي في الأسهم،الرأي الشرعي في السندات،شخصية الشركات وإدارتها
653 ## - INDEX TERM--UNCONTROLLED
Uncontrolled term الشركات-قوانين وتشريعات
942 ## - ADDED ENTRY ELEMENTS (KOHA)
Koha item type كتب
المقتنيات
Withdrawn status Lost status Source of classification or shelving scheme Damaged status Not for loan Home library Current library Date acquired Serial enumeration / chronology Inventory number Total checkouts Full call number Barcode Date last seen Price effective from Koha item type
    Dewey Decimal Classification   NOT LOAN / إعارة داخلية مكتبة كلية العلوم الإقتصادية والعلوم التجارية وعلوم التسيير مكتبة كلية العلوم الإقتصادية والعلوم التجارية وعلوم التسيير 07/05/2026 الطابق الأرضي 1515/1   أ/1515ن1 1515/1 07/05/2026 07/05/2026 كتب

موارد الويب المفتوحة


© University of Algiers 3 All Rights Reserved
|
Implemented by LECHELAH Riad